Effectif FC Barcelone (2024-2025) - Statistiques

Statistiques générales
  • Ce quiz a été pris 615 fois
  • Le résultat moyen est 19 sur 25
Statistiques - réponses
Poste Nationalité Joueur % Correct
Attaquant Espagne Lamine Yamal
96%
Gardien Allemagne Marc-André ter Stegen
96%
Milieu Espagne Pedri
96%
Milieu Espagne Gavi
93%
Défenseur France Jules Koundé
92%
Attaquant Pologne Robert Lewandowski
92%
Défenseur Uruguay Ronald Araujo
92%
Milieu Pays-Bas Frenkie de Jong
90%
Défenseur Espagne Pau Cubarsí
88%
Attaquant Brésil Raphinha
88%
Milieu Espagne Pablo Torre
86%
Défenseur Espagne Alejandro Balde
85%
Défenseur Danemark Andreas Christensen
81%
Défenseur Espagne Gerard Martín
80%
Gardien Espagne Iñaki Peña
78%
Attaquant Espagne Ferran Torres
77%
Milieu Espagne Dani Olmo
73%
Défenseur Espagne Iñigo Martínez
69%
Milieu Espagne Fermín López
68%
Gardien Pologne Wojciech Szczesny
67%
Milieu Espagne Marc Casadó
61%
Défenseur Espagne Eric García
58%
Défenseur Espagne Héctor Fort
54%
Attaquant Espagne Ansu Fati
48%
Attaquant Espagne Pau Víctor
39%
Aucun quiz correspondant
Distribution des résultats
% des personnes avec chaque résultat
Percentile par nombre de réponses
Votre historique - résultats
Vous n’avez pas pris ce quiz